Marketingová komunikácia v spoločnosti Heineken, a. s. diplomová práca

Enregistré dans:
Détails bibliographiques
Auteur principal: Lukáčková, Simona
Collectivité auteur: Obchodná fakulta EU. Katedra marketingu
Autres auteurs: Loydlová, Miroslava
Format: Livre
Langue:slovaque
Publié: Bratislava 2014
Tags: Ajouter un tag
Pas de tags, Soyez le premier à ajouter un tag!

MARC

LEADER 00000nbm a2200000 4500
001 0186055
005 20170201094638.8
041 0 |a slo 
044 |a SK 
245 1 0 |a Marketingová komunikácia v spoločnosti Heineken, a. s.  |b diplomová práca  |c Simona Lukáčková ; školiteľ: Miroslava Loydlová 
264 1 |a Bratislava  |c 2014 
300 |a 75 s. 
100 1 |a Lukáčková, Simona 
700 1 |a Loydlová, Miroslava 
710 2 |a Obchodná fakulta EU. Katedra marketingu